[Event "First Saturday 2010 november IM"]
[Site "Budapest"]
[Date "2010.11.11"]
[Round "6"]
[White "Horvath, David"]
[Black "Tran, Tuan Minh"]
[Result "1-0"]
[WhiteElo "2292"]
[BlackElo "2256"]
[PlyCount "81"]
[EventDate "2010.11.06"]

1. d4 e6 2. c4 f5 3. g3 Nf6 4. Bg2 c6 5. Nf3 d5 6. b3 Bd6 7. O-O Qe7 8. Bb2 O-O
9. Ne5 Nbd7 10. Nd3 b5 11. Nd2 Ne4 12. c5 Bc7 13. f3 Nxd2 14. Qxd2 e5 15. e4
exd4 16. exd5 cxd5 17. Bxd4 Nf6 18. Rfe1 Qf7 19. Nf4 Bd7 20. Rad1 Rae8 21. Nd3
Rxe1+ 22. Rxe1 Re8 23. Be5 Bc6 24. Qc3 a5 25. a3 Bxe5 26. Rxe5 d4 27. Qb2 Rxe5
28. Nxe5 Qe6 29. Qxd4 Be8 30. b4 Qa2 31. c6 Qxa3 32. Qc5 Bxc6 33. Nxc6 axb4 34.
Nxb4 Qa1+ 35. Bf1 Qd1 36. Nd3 g6 37. Ne5 Nd5 38. Nc6 Kf7 39. Qxb5 Kf6 40. Qb2+
Kg5 41. Nd4 1-0

[Event "First Saturday 2010 november IM"]
[Site "Budapest"]
[Date "2010.11.11"]
[Round "6"]
[White "Adams, Nick A"]
[Black "Biro, David"]
[Result "0-1"]
[WhiteElo "2277"]
[BlackElo "2211"]
[PlyCount "61"]
[EventDate "2010.11.06"]

1. c4 g6 2. Nc3 Bg7 3. g3 d6 4. Bg2 e5 5. d3 f5 6. e4 Ne7 7. Nge2 Nbc6 8. O-O
O-O 9. Nd5 h6 10. Be3 Be6 11. Qd2 Kh7 12. Rac1 Qd7 13. Nxe7 Qxe7 14. exf5 Bxf5
15. d4 exd4 16. Nxd4 Bd7 17. Rfe1 Qf6 18. Nxc6 Bxc6 19. Bxc6 bxc6 20. b4 Rf7
21. b5 c5 22. Qd5 Raf8 23. Re2 Re7 24. h4 Re5 25. Qc6 Rf7 26. Rec2 Qe6 27. Rc3
Qg4 28. Qg2 Ree7 29. Kh2 Bxc3 30. Rxc3 Qe6 31. Ra3 {afre 31 move} 0-1

[Event "First Saturday 2010 november IM"]
[Site "Budapest"]
[Date "2010.11.12"]
[Round "7"]
[White "Szalanczy, Emil"]
[Black "Horvath, David"]
[Result "1-0"]
[WhiteElo "2247"]
[BlackElo "2292"]
[PlyCount "82"]
[EventDate "2010.11.06"]

1. c4 Nf6 2. Nc3 e5 3. g3 Bb4 4. Bg2 Bxc3 5. bxc3 O-O 6. Nf3 Re8 7. O-O d6 8.
d3 Nbd7 9. Rb1 c6 10. Qa4 e4 11. Ng5 Nc5 12. Qc2 exd3 13. exd3 Bf5 14. Rd1 Nfd7
15. Ne4 Nxd3 16. Qxd3 Nc5 17. Nxc5 Bxd3 18. Nxd3 Qa5 19. Nb4 Qa4 20. Be3 a5 21.
Nd3 Qxa2 22. c5 d5 23. Bd4 Qe2 24. Nf4 Qe7 25. Bf3 a4 26. Nd3 Qd7 27. Kg2 f6
28. h4 Re7 29. Ra1 Qf5 30. Ra3 g5 31. g4 Qg6 32. h5 Qf7 33. Rda1 Rae8 34. Rxa4
f5 35. Ra8 fxg4 36. Bxg4 Re4 37. f3 Re2+ 38. Nf2 Qf8 39. Rxe8 Qxe8 40. h6 Re7
41. Bf6 Qf8 {after 11 move} 1-0

[Event "First Saturday 2010 november IM"]
[Site "Budapest"]
[Date "2010.11.12"]
[Round "7"]
[White "Farago, Sandor"]
[Black "Kahn, Evart dr"]
[Result "1/2-1/2"]
[WhiteElo "2284"]
[BlackElo "2260"]
[PlyCount "37"]
[EventDate "2010.11.06"]

1. Nf3 Nf6 2. g3 g6 3. Bg2 Bg7 4. O-O O-O 5. d4 d5 6. c4 c6 7. cxd5 cxd5 8. Nc3
Nc6 9. Bf4 Nh5 10. Be3 Nf6 11. h3 h6 12. Rc1 Bf5 13. Nh4 Be6 14. Nf3 Rc8 15.
Qd2 Kh7 16. Kh2 Nd7 17. Ne1 Nb6 18. b3 Qd7 19. Nf3 1/2-1/2

[Event "First Saturday 2010 november IM"]
[Site "Budapest"]
[Date "2010.11.12"]
[Round "7"]
[White "Lyell, Mark"]
[Black "Lengyel, Bela"]
[Result "1-0"]
[WhiteElo "2210"]
[BlackElo "2289"]
[PlyCount "69"]
[EventDate "2010.11.06"]

1. e4 e5 2. Nf3 Nc6 3. Bc4 Nf6 4. Ng5 d5 5. exd5 Na5 6. Bb5+ c6 7. dxc6 bxc6 8.
Qf3 h6 9. Ne4 Nd5 10. Ba4 Nb6 11. Nbc3 Qd4 12. Bb3 Nxb3 13. axb3 Be7 14. d3 f5
15. Qh5+ Kf8 16. Ng3 Qd7 17. f4 Qe6 18. O-O g6 19. Qf3 exf4 20. Bxf4 Rh7 21.
Rfe1 Qd7 22. Be3 Bb7 23. Qf2 Kg8 24. Nge2 g5 25. Bc5 Rf8 26. Rxa7 Nc8 27. Bxe7
Rxe7 28. Raa1 Nd6 29. Na4 f4 30. Nd4 Ref7 31. Nc5 Qg4 32. Re6 f3 33. Rxd6 fxg2
34. Qxg2 Qh5 35. Qe4 1-0

[Event "First Saturday 2010 november IM"]
[Site "Budapest"]
[Date "2010.11.13"]
[Round "8"]
[White "To, Nhat Mihn"]
[Black "Lengyel, Bela"]
[Result "1/2-1/2"]
[WhiteElo "2400"]
[BlackElo "2289"]
[PlyCount "21"]
[EventDate "2010.11.06"]

1. d4 d5 2. c4 e6 3. Nc3 Nf6 4. Bg5 Nbd7 5. e3 Be7 6. Nf3 O-O 7. cxd5 exd5 8.
Bd3 c6 9. Qc2 Re8 10. h3 Nf8 11. O-O 1/2-1/2

[Event "First Saturday 2010 november IM"]
[Site "Budapest"]
[Date "2010.11.13"]
[Round "8"]
[White "Kahn, Evart dr"]
[Black "Lyell, Mark"]
[Result "1/2-1/2"]
[WhiteElo "2260"]
[BlackElo "2210"]
[PlyCount "95"]
[EventDate "2010.11.06"]

1. d4 d5 2. c4 e5 3. dxe5 d4 4. Nf3 Nc6 5. g3 Nge7 6. Bg2 Ng6 7. O-O Ngxe5 8.
Nxe5 Nxe5 9. e3 Bg4 10. Qxd4 Nf3+ 11. Bxf3 Bxf3 12. Nd2 Bc6 13. Qxd8+ Rxd8 14.
Nb3 Be7 15. f3 Bd7 16. Bd2 Be6 17. Rac1 b5 18. Bc3 Bxc4 19. Rfe1 f6 20. Nd4 c5
21. Nc6 Rd7 22. b3 Bd3 23. Nxe7 Kxe7 24. Bb2 c4 25. Bd4 a5 26. Kf2 Rc8 27. Red1
Rb8 28. a4 bxa4 29. bxc4 Rb3 30. Ra1 a3 31. Rxa3 Rxa3 32. Bc5+ Ke6 33. Bxa3
Bxc4 34. Rxd7 Kxd7 35. Ke1 f5 36. Kd2 Bd5 37. f4 Kc6 38. Kc3 Kd7 39. Kd4 Ke6
40. Bf8 g6 41. Ba3 Be4 42. Bf8 Kf7 43. Ba3 h6 44. h4 Bc2 45. Ke5 Bd1 46. Bc5 a4
47. Ba3 Bf3 48. Bb4 {after 9 move} 1/2-1/2

[Event "First Saturday 2010 november IM"]
[Site "Budapest"]
[Date "2010.11.13"]
[Round "8"]
[White "Antipov, Mikhail Al"]
[Black "Farago, Sandor"]
[Result "1/2-1/2"]
[WhiteElo "2323"]
[BlackElo "2284"]
[PlyCount "119"]
[EventDate "2010.11.06"]

1. e4 c5 2. Nf3 d6 3. d4 cxd4 4. Nxd4 Nf6 5. Nc3 a6 6. Bc4 e6 7. O-O b5 8. Bb3
Bb7 9. Bxe6 fxe6 10. Nxe6 Qc8 11. Nd5 Nbd7 12. Ndc7+ Kf7 13. Ng5+ Kg8 14. Nxa8
Bxa8 15. Bf4 h6 16. Ne6 Ne5 17. Nxf8 Qxf8 18. f3 Nh5 19. Bxe5 dxe5 20. Qd7 Nf4
21. c3 Kh7 22. g3 Qc5+ 23. Kh1 Bc6 24. Qg4 Ng6 25. Rad1 Rf8 26. Rd3 Rf6 27. a3
Nf8 28. h4 Qa7 29. Qh3 Ne6 30. b4 Nf8 31. Rfd1 Qf7 32. Qg2 Ne6 33. Rd6 Nf8 34.
Rxf6 Qxf6 35. Qe2 Nd7 36. Kg2 Nb6 37. Qf2 Nc4 38. a4 Qe7 39. Qa2 Qa7 40. Kh2
Bd7 41. a5 Be6 42. Rd3 Qe7 43. Qf2 Bf7 44. Qc5 Qf6 45. Qf8 Qe6 46. h5 g6 47. f4
exf4 48. gxf4 gxh5 49. Rg3 Qf6 50. Kg1 Nd2 51. e5 Nf3+ 52. Rxf3 Qg6+ 53. Kh2
Qc2+ 54. Kh3 Qf5+ 55. Kh2 Qc2+ 56. Kh3 Qf5+ 57. Kg2 Qc2+ 58. Kh3 Qf5+ 59. Kg3
Qg6+ 60. Kh2 1/2-1/2

[Event "First Saturday 2010 november IM"]
[Site "Budapest"]
[Date "2010.11.13"]
[Round "8"]
[White "Horvath, David"]
[Black "Oparin, Grigoriy"]
[Result "0-1"]
[WhiteElo "2292"]
[BlackElo "2306"]
[PlyCount "166"]
[EventDate "2010.11.06"]

1. d4 d5 2. c4 e6 3. Nc3 Be7 4. Nf3 Nf6 5. Bg5 h6 6. Bxf6 Bxf6 7. e3 O-O 8. Qc2
Nc6 9. a3 Ne7 10. Bd3 b6 11. cxd5 exd5 12. Na4 Be6 13. O-O c6 14. b4 Rc8 15.
Rfc1 g6 16. Qb3 Bg7 17. Rc2 Qd6 18. Rac1 Rc7 19. Rc3 Rfc8 20. Qb1 Bg4 21. Nd2
Bd7 22. Nb3 Qe6 23. Nb2 h5 24. Ba6 Rd8 25. Bf1 Nf5 26. Nd3 g5 27. b5 c5 28.
Nbxc5 bxc5 29. Nxc5 Qe7 30. a4 Nd6 31. a5 Bf5 32. Qb3 Nb7 33. Qa4 Nxc5 34. Rxc5
Rb7 35. Qa2 Bf8 36. Rc6 Be6 37. b6 axb6 38. Ba6 bxa5 39. Bxb7 Qxb7 40. Qxa5 Ra8
41. Qd2 Qe7 42. Qe2 g4 43. h3 Qg5 44. hxg4 hxg4 45. R6c3 g3 46. e4 Bg7 47. e5
Qh6 48. fxg3 Qg5 49. Rf1 Bh6 50. Rf4 Qg7 51. Rf1 Qg4 52. Qf2 Bg5 53. Rb3 Ra4
54. Rd3 Qe4 55. Rfd1 Bg4 56. Rf1 Be6 57. Rfd1 Rc4 58. Rf3 Rc2 59. Qe1 Qxe1+ 60.
Rxe1 Rd2 61. g4 Rxd4 62. Rb1 Rxg4 63. Rh3 Kg7 64. Rb8 Re4 65. Rhh8 Rxe5 66.
Rhg8+ Kf6 67. Rb1 Rf5 68. Kh2 d4 69. Rd1 Bf4+ 70. g3 Be3 71. g4 Rf3 72. Kg2 Bd5
73. Rf1 Rxf1+ 74. Kxf1 Bf3 75. g5+ Bxg5 76. Rb8 Be3 77. Rb6+ Ke5 78. Rb5+ Kf4
79. Rb6 f5 80. Rb5 d3 81. Rb4+ Kg5 82. Ra4 d2 83. Rd4 d1=Q+ 0-1

[Event "First Saturday 2010 november IM"]
[Site "Budapest"]
[Date "2010.11.13"]
[Round "8"]
[White "Adams, Nick A"]
[Black "Szalanczy, Emil"]
[Result "0-1"]
[WhiteElo "2277"]
[BlackElo "2247"]
[PlyCount "46"]
[EventDate "2010.11.06"]

1. c4 c5 2. Nc3 Nc6 3. g3 g6 4. Bg2 Bg7 5. d3 e6 6. e4 Nge7 7. Nge2 b6 8. O-O
Bb7 9. Be3 O-O 10. a3 d6 11. Rb1 Nd4 12. f4 Nec6 13. b4 Qe7 14. Qd2 Rad8 15. h4
Kh8 16. Kh2 f5 17. Ng1 Rd7 18. Rf2 Rg8 19. Qe1 Bf6 20. Ra2 h6 21. b5 Nd8 22.
Nh3 Qh7 23. Ne2 Rdg7 {after 12 move} 0-1

[Event "First Saturday 2010 november IM"]
[Site "Budapest"]
[Date "2010.11.13"]
[Round "8"]
[White "Biro, David"]
[Black "Tran, Tuan Minh"]
[Result "0-1"]
[WhiteElo "2211"]
[BlackElo "2256"]
[PlyCount "72"]
[EventDate "2010.11.06"]

1. Nf3 e6 2. d3 b6 3. g3 Bb7 4. Bg2 Nf6 5. O-O Be7 6. Nbd2 c5 7. e4 d5 8. exd5
exd5 9. Ne5 O-O 10. Re1 Qc7 11. Ng4 Na6 12. Qe2 Bd8 13. Nf1 Nxg4 14. Qxg4 f5
15. Qe2 Qf7 16. Qe6 Bc7 17. Qxf7+ Rxf7 18. a3 Bd6 19. Re6 Rd8 20. Bg5 Nc7 21.
Ree1 Rdf8 22. Bf4 Bxf4 23. gxf4 Rf6 24. Re7 R8f7 25. Rae1 Kf8 26. Rxf7+ Kxf7
27. Re5 g6 28. Ne3 Re6 29. Rxe6 Kxe6 30. c4 Kd6 31. Kf1 Bc6 32. Ke2 Ne6 33. Kd2
Nxf4 34. Bxd5 Bxd5 35. cxd5 Nxd5 36. Nc4+ Ke6 0-1

[Event "First Saturday 2010 november IM"]
[Site "Budapest"]
[Date "2010.11.14"]
[Round "9"]
[White "Tran, Tuan Minh"]
[Black "To, Nhat Mihn"]
[Result "1/2-1/2"]
[WhiteElo "2256"]
[BlackElo "2400"]
[PlyCount "71"]
[EventDate "2010.11.06"]

1. d4 d5 2. Nf3 Nf6 3. c4 c6 4. e3 a6 5. b3 Bg4 6. Nbd2 e6 7. Bb2 b5 8. Bd3
Nbd7 9. O-O Bb4 10. Qc2 Bh5 11. a3 Bxd2 12. Nxd2 Bg6 13. Rfe1 O-O 14. Bxg6 hxg6
15. e4 dxe4 16. Nxe4 Nxe4 17. Qxe4 Rc8 18. Re3 Nb6 19. Rc1 Re8 20. Bc3 Nd7 21.
Rce1 Nf6 22. Qh4 Nh5 23. Qg4 Nf6 24. Qh4 Nh5 25. Qg4 Nf6 26. Qf4 Nh5 27. Qe5
Qc7 28. Qxc7 Rxc7 29. d5 cxd5 30. cxd5 Nf6 31. Ba5 Rce7 32. dxe6 Rxe6 33. Rxe6
Rxe6 34. Kf1 Rc6 35. f3 Nd5 36. Kf2 1/2-1/2

[Event "First Saturday 2010 november IM"]
[Site "Budapest"]
[Date "2010.11.14"]
[Round "9"]
[White "Oparin, Grigoriy"]
[Black "Adams, Nick A"]
[Result "1/2-1/2"]
[WhiteElo "2306"]
[BlackElo "2277"]
[PlyCount "72"]
[EventDate "2010.11.06"]

1. e4 c6 2. d4 d5 3. e5 c5 4. dxc5 Nc6 5. Nf3 Bg4 6. Bb5 e6 7. b4 Qc7 8. Bb2 b6
9. cxb6 Qxb6 10. Bxc6+ Qxc6 11. c3 Bxf3 12. Qxf3 Ne7 13. O-O Ng6 14. Re1 Be7
15. Nd2 O-O 16. Nb3 Rfc8 17. Nd4 Qd7 18. g3 Bd8 19. Qd3 Rc4 20. Nf3 a5 21. a3
Bb6 22. Nd2 Rcc8 23. c4 Qb7 24. cxd5 exd5 25. Nf3 Rc4 26. Rad1 axb4 27. axb4
Rxb4 28. Bd4 Ra2 29. Qe3 Bxd4 30. Nxd4 Rbb2 31. Rf1 Qb6 32. h4 h6 33. h5 Ne7
34. e6 fxe6 35. Qxe6+ Qxe6 36. Nxe6 Kf7 1/2-1/2

[Event "First Saturday 2010 november IM"]
[Site "Budapest"]
[Date "2010.11.14"]
[Round "9"]
[White "Farago, Sandor"]
[Black "Horvath, David"]
[Result "0-1"]
[WhiteElo "2284"]
[BlackElo "2292"]
[PlyCount "125"]
[EventDate "2010.11.06"]

1. e4 e6 2. d4 d5 3. Nc3 Nf6 4. e5 Nfd7 5. Nce2 c5 6. c3 Nc6 7. f4 cxd4 8. cxd4
Be7 9. Nf3 O-O 10. g3 f6 11. Bg2 Qa5+ 12. Bd2 Bb4 13. Bc3 b6 14. O-O Ba6 15.
Rf2 Rac8 16. Bh3 f5 17. a3 Bxe2 18. axb4 Bxd1 19. bxa5 Bxf3 20. Rxf3 b5 21. b4
h6 22. g4 g6 23. Kf2 Kh7 24. Rg1 Ne7 25. Bf1 a6 26. h3 Rc6 27. Ke1 Rfc8 28. Kd2
Kg7 29. Be2 Kf7 30. Rfg3 Nf8 31. Kc2 Ke8 32. Kb2 R8c7 33. Rc1 Rc8 34. Rc2 R8c7
35. Bd3 Kf7 36. Bd2 Rxc2+ 37. Bxc2 Ke8 38. Bd3 Kf7 39. Rg1 Rc8 40. Be2 Rc7 41.
Kb3 Nd7 42. Rh1 Rc4 43. Rc1 Nb8 44. Ka3 Nbc6 45. Bf1 Rxc1 46. Bxc1 Nxd4 47. Bd3
fxg4 48. hxg4 Ndc6 49. Be3 g5 50. fxg5 hxg5 51. Bxg5 Nxe5 52. Be2 N7c6 53. Bd1
Kg6 54. Bf4 Nc4+ 55. Kb3 e5 56. Bc2+ Kf6 57. Bh2 Nd4+ 58. Kc3 Nxc2 59. Kxc2 Kg5
60. Kd3 Kxg4 61. Bg1 Nd6 62. Bh2 Kf5 63. Ke3 {after 12 move} 0-1

[Event "First Saturday 2010 november IM"]
[Site "Budapest"]
[Date "2010.11.14"]
[Round "9"]
[White "Lyell, Mark"]
[Black "Antipov, Mikhail Al"]
[Result "0-1"]
[WhiteElo "2210"]
[BlackElo "2323"]
[PlyCount "56"]
[EventDate "2010.11.06"]

1. b3 g6 2. Bb2 Nf6 3. e4 d6 4. g3 Bg7 5. Bg2 e5 6. Ne2 O-O 7. O-O Re8 8. c4 c5
9. Nbc3 Nc6 10. Nd5 Nxd5 11. cxd5 Nd4 12. f4 Bg4 13. Bxd4 exd4 14. d3 Qd7 15.
Qd2 f5 16. Rae1 fxe4 17. Bxe4 Re7 18. Kh1 Rae8 19. Ng1 b5 20. Nf3 c4 21. Nh4
Bf6 22. Ng2 c3 23. Qc2 b4 24. a4 bxa3 25. Ra1 Qb5 26. Kg1 Rxe4 27. dxe4 d3 28.
Qf2 Rxe4 0-1

[Event "First Saturday 2010 november IM"]
[Site "Budapest"]
[Date "2010.11.14"]
[Round "9"]
[White "Lengyel, Bela"]
[Black "Kahn, Evart dr"]
[Result "1/2-1/2"]
[WhiteElo "2289"]
[BlackElo "2260"]
[PlyCount "26"]
[EventDate "2010.11.06"]

1. e4 Nf6 2. e5 Nd5 3. d4 Nb6 4. c4 d6 5. Nf3 Bg4 6. Be2 e6 7. h3 Bh5 8. Nc3
Be7 9. O-O O-O 10. exd6 cxd6 11. Be3 Nc6 12. Rc1 d5 13. c5 Nd7 1/2-1/2

[Event "First Saturday 2010 november IM"]
[Site "Budapest"]
[Date "2010.11.15"]
[Round "10"]
[White "Antipov, Mikhail Al"]
[Black "Lengyel, Bela"]
[Result "1-0"]
[WhiteElo "2323"]
[BlackElo "2289"]
[PlyCount "65"]
[EventDate "2010.11.06"]

1. e4 e5 2. Nf3 Nc6 3. Bc4 Nf6 4. d3 Bc5 5. O-O O-O 6. c3 d6 7. Bb3 a6 8. Nbd2
Kh8 9. Nc4 Ba7 10. Ne3 Ne7 11. Re1 b5 12. d4 Bb7 13. Ng5 Qe8 14. Ng4 Neg8 15.
Nxf6 Nxf6 16. f3 c5 17. Be3 c4 18. Bc2 Nd7 19. Qd2 f6 20. Nh3 Qe7 21. Rad1 Rf7
22. f4 Nf8 23. Qf2 Ng6 24. Rd2 exf4 25. Bxf4 Re8 26. Rde2 Ne5 27. Qg3 g5 28.
Bd2 h5 29. Nf2 h4 30. Qh3 Bc8 31. g4 Nc6 32. Be3 Ref8 33. Qf3 1-0

[Event "First Saturday 2010 november IM"]
[Site "Budapest"]
[Date "2010.11.15"]
[Round "10"]
[White "Horvath, David"]
[Black "Lyell, Mark"]
[Result "1-0"]
[WhiteElo "2292"]
[BlackElo "2210"]
[PlyCount "75"]
[EventDate "2010.11.06"]

1. d4 Nf6 2. c4 e5 3. dxe5 Ng4 4. Bf4 g5 5. Bg3 Bg7 6. Nf3 Nc6 7. Nc3 Ngxe5 8.
e3 d6 9. c5 Be6 10. cxd6 cxd6 11. Be2 Nc4 12. O-O O-O 13. Qc2 g4 14. Nd4 Nxd4
15. exd4 d5 16. Bxc4 dxc4 17. d5 Bd7 18. Rfe1 Qg5 19. Ne4 Qg6 20. Qxc4 Rac8 21.
Qb3 Bf5 22. Nd6 Rc2 23. Qxb7 Bd4 24. Qb4 Bxb2 25. Rab1 Bc3 26. Qf4 Bd3 27. Re8
Rxe8 28. Nxe8 Rxa2 29. Rc1 Bd2 30. Qb8 Qb6 31. Nf6+ Kg7 32. Qg8+ Kxf6 33. Rc6+
Qxc6 34. Qh8+ Kg6 35. dxc6 Rc2 36. Qg8+ Kh6 37. Qf8+ Kg6 38. Qd6+ 1-0

[Event "First Saturday 2010 november IM"]
[Site "Budapest"]
[Date "2010.11.15"]
[Round "10"]
[White "Adams, Nick A"]
[Black "Farago, Sandor"]
[Result "0-1"]
[WhiteElo "2277"]
[BlackElo "2284"]
[PlyCount "136"]
[EventDate "2010.11.06"]

1. c4 Nf6 2. Nc3 g6 3. g3 Bg7 4. Bg2 O-O 5. Nf3 c6 6. e4 d6 7. O-O a6 8. d4 b5
9. e5 Ne8 10. Qe2 bxc4 11. Qxc4 d5 12. Qa4 Bd7 13. Qa3 Nc7 14. Qa5 Bg4 15. Be3
Nd7 16. Na4 Ne6 17. Qxd8 Rfxd8 18. Ng5 Nxg5 19. Bxg5 f6 20. exf6 exf6 21. Be3
Rab8 22. b3 Rb4 23. Rac1 Nb8 24. Rfe1 g5 25. Bd2 Rxd4 26. Bc3 Rxa4 27. bxa4 Kf7
28. h3 Be6 29. Bd4 Rc8 30. h4 g4 31. Bf1 Bf8 32. Bc5 Bxc5 33. Rxc5 Bf5 34. Bg2
Rd8 35. f3 h5 36. f4 Bd3 37. Rd1 Bf5 38. Re1 Rd7 39. Re2 Rb7 40. Rc3 Rb1+ 41.
Kf2 Kf8 42. Rb3 Nd7 43. Rxb1 Bxb1 44. Rb2 Bd3 45. Ke3 Bc4 46. Kd4 Ke7 47. Be4
Kd6 48. Bg6 c5+ 49. Kc3 Bf1 50. Bxh5 d4+ 51. Kc2 f5 52. Bf7 c4 53. h5 Bd3+ 54.
Kc1 c3 55. Rh2 Be4 56. h6 Nf6 57. Bc4 d3 58. Bxd3 Bxd3 59. h7 Nxh7 60. Rxh7 Kd5
61. Re7 Kd4 62. Rd7+ Ke3 63. Rc7 c2 64. Rc3 Ke2 65. a5 Be4 66. Rb3 Kf2 67. Rb6
Kxg3 68. Rxa6 Kf2 0-1

[Event "First Saturday 2010 november IM"]
[Site "Budapest"]
[Date "2010.11.15"]
[Round "10"]
[White "Tran, Tuan Minh"]
[Black "Szalanczy, Emil"]
[Result "0-1"]
[WhiteElo "2256"]
[BlackElo "2247"]
[PlyCount "100"]
[EventDate "2010.11.06"]

1. d4 c5 2. d5 e6 3. c4 exd5 4. cxd5 d6 5. Nc3 g6 6. e4 Bg7 7. Bd3 Nh6 8. h3
O-O 9. Nf3 f5 10. O-O f4 11. e5 dxe5 12. Ne4 Nf7 13. Nxc5 Qxd5 14. Qc2 Nd7 15.
Nb3 Nb6 16. Be4 Qc4 17. Qxc4 Nxc4 18. Nc5 Bf5 19. Bxf5 gxf5 20. Ne6 Rfc8 21. b3
Ncd6 22. Nxg7 Kxg7 23. Bb2 Kf6 24. Rad1 Ne4 25. Rd5 Ke6 26. Rfd1 Nc3 27. Bxc3
Rxc3 28. Rd7 Rc1 29. R7d6+ Ke7 30. Rd7+ Ke6 31. R7d6+ Nxd6 32. Rxc1 Ne4 33. Rc7
Rd8 34. Rxb7 Rd1+ 35. Kh2 Nxf2 36. g3 fxg3+ 37. Kxg3 Ne4+ 38. Kg2 Nd6 39. Rxa7
e4 40. Ng5+ Ke5 41. Rd7 Rd2+ 42. Kg3 f4+ 43. Kg4 Rg2+ 44. Kh5 f3 45. Re7+ Kf4
46. h4 h6 47. Nxe4 Nxe4 48. Rf7+ Ke3 49. a4 f2 50. Kxh6 Rg4 0-1

[Event "First Saturday 2010 november IM"]
[Site "Budapest"]
[Date "2010.11.16"]
[Round "11"]
[White "Szalanczy, Emil"]
[Black "To, Nhat Mihn"]
[Result "0-1"]
[WhiteElo "2247"]
[BlackElo "2400"]
[PlyCount "120"]
[EventDate "2010.11.06"]

1. e4 c5 2. Nf3 Nc6 3. d4 cxd4 4. Nxd4 Nf6 5. Nc3 e5 6. Ndb5 d6 7. Be3 a6 8.
Na3 Rb8 9. Nab1 b5 10. Be2 Be7 11. Bf3 Na5 12. b3 Qc7 13. O-O O-O 14. Re1 Be6
15. Bg5 Nc6 16. Ne2 h6 17. Bxf6 Bxf6 18. c3 Rfd8 19. Nd2 Ne7 20. Qc2 g6 21. a4
d5 22. axb5 axb5 23. exd5 Nxd5 24. Bxd5 Bxd5 25. Ne4 Bg7 26. b4 Qc6 27. N2g3 f5
28. Nc5 Bxg2 29. Ra6 Qf3 30. Rxg6 Bh3 31. Nf1 f4 32. Qe4 Qxe4 33. Nxe4 Kf7 34.
Rc6 Rg8 35. Ra1 Bf8+ 36. Nfg3 Rb7 37. f3 fxg3 38. hxg3 Be6 39. Raa6 Bd5 40.
Rf6+ Ke7 41. Nc5 Rc7 42. Kf2 Ke8 43. Rfb6 Rxc5 44. bxc5 Bxc5+ 45. Kg2 Bxb6 46.
Rxb6 Rf8 47. Rxb5 Bxf3+ 48. Kg1 e4 49. Rb6 h5 50. Kf2 Ke7 51. Ke3 Rd8 52. c4
Rd6 53. Rb7+ Ke6 54. Rc7 Kf5 55. c5 Rd3+ 56. Kf2 Bg4 57. c6 e3+ 58. Kg2 Rd2+
59. Kg1 Rd1+ 60. Kh2 e2 0-1

[Event "First Saturday 2010 november IM"]
[Site "Budapest"]
[Date "2010.11.16"]
[Round "11"]
[White "Lyell, Mark"]
[Black "Adams, Nick A"]
[Result "0-1"]
[WhiteElo "2210"]
[BlackElo "2277"]
[PlyCount "80"]
[EventDate "2010.11.06"]

1. e4 c6 2. Ne2 d5 3. e5 c5 4. b4 cxb4 5. d4 Nc6 6. a3 Bf5 7. Ng3 Bg6 8. axb4
Nxb4 9. Bb5+ Nc6 10. c4 e6 11. Qa4 Qd7 12. cxd5 exd5 13. O-O a6 14. f4 f5 15.
Re1 Rc8 16. Bd3 Nxd4 17. Be3 Qxa4 18. Rxa4 Ne6 19. Bxf5 Bxf5 20. Nxf5 g6 21.
Nd4 Nxd4 22. Rxd4 Bc5 23. Rxd5 Bxe3+ 24. Rxe3 Rc1+ 25. Kf2 Ne7 26. Nc3 Nxd5 27.
Nxd5 Kf7 28. g4 Ke6 29. Nf6 h5 30. gxh5 gxh5 31. Kg3 Kf5 32. Nd5 Rd1 33. Nc3
Rd4 34. Ne2 Rd2 35. Kf3 h4 36. h3 Rhd8 37. e6 Re8 38. Re4 Rd3+ 39. Re3 Rxe3+
40. Kxe3 Rxe6+ 0-1

[Event "First Saturday 2010 november IM"]
[Site "Budapest"]
[Date "2010.11.16"]
[Round "11"]
[White "Lengyel, Bela"]
[Black "Horvath, David"]
[Result "0-1"]
[WhiteElo "2289"]
[BlackElo "2292"]
[PlyCount "78"]
[EventDate "2010.11.06"]

1. e4 e6 2. d4 d5 3. Nc3 Nf6 4. Bg5 dxe4 5. Nxe4 Be7 6. Bxf6 Bxf6 7. Nf3 Nd7 8.
c3 b6 9. Bd3 Bb7 10. Qe2 Qe7 11. O-O O-O 12. Rad1 Rfd8 13. Rfe1 c5 14. Bc2 cxd4
15. Nxd4 Nc5 16. Nxf6+ Qxf6 17. Qh5 h6 18. b4 Na6 19. Be4 Bxe4 20. Rxe4 Rac8
21. Qe2 Nc7 22. c4 Ne8 23. Nf3 Qc3 24. h3 Qxb4 25. Ne5 Nf6 26. Re3 Rxd1+ 27.
Qxd1 Qe7 28. Rd3 Qc7 29. f4 Qc5+ 30. Kh2 Qf2 31. Rf3 Qxa2 32. Qd6 Rf8 33. Qe7
a5 34. Rg3 Qf2 35. Ng4 Nxg4+ 36. Rxg4 Qd4 37. Qc7 Qc5 38. Qd7 Qxc4 39. f5 Qd5
0-1

[Event "First Saturday 2010 november IM"]
[Site "Budapest"]
[Date "2010.11.16"]
[Round "11"]
[White "Kahn, Evart dr"]
[Black "Antipov, Mikhail Al"]
[Result "1/2-1/2"]
[WhiteElo "2260"]
[BlackElo "2323"]
[PlyCount "23"]
[EventDate "2010.11.06"]

1. d4 Nf6 2. c4 c6 3. Nc3 d5 4. cxd5 cxd5 5. Bf4 Nc6 6. e3 a6 7. Nf3 Bf5 8. Ne5
Nd7 9. Nxc6 bxc6 10. Bd3 Bxd3 11. Qxd3 e6 12. O-O 1/2-1/2